| 000 | 00788nam a2200229Ia 4500 | ||
|---|---|---|---|
| 001 | 18688 | ||
| 003 | GE_BSU | ||
| 008 | 181216s||||||||xx |||||||||||||| ||und|| | ||
| 040 | _cGE_BSU | ||
| 080 | _a621.3 | ||
| 245 | _aСборник задач по электротехнике и основам электроники | ||
| 245 | _bУчебное пособие для вузов | ||
| 245 | _cПод ред. В.Г. Герасимова | ||
| 260 | _aМосква | ||
| 260 | _bВысшая школа | ||
| 260 | _c1987 | ||
| 300 | _a288стр. 20см. | ||
| 300 | _cБибл. стр. 287 | ||
| 653 | _aСборник задач по электротехнике и основам электроники | ||
| 653 | _aელექტროტექნიკა | ||
| 942 | _cBK | ||
| 999 |
_c51697 _d51697 |
||